[Event "?"]
[Site "?"]
[Date "????.??.??"]
[Round "?"]
[White "Beltz, R."]
[Black "Pushkov, N."]
[Result "0-1"]
[WhiteElo "2152"]
[BlackElo "2396"]
[PlyCount "115"]
[EventDate "2013.??.??"]
[WhiteTeam "SF Leipzig"]
[BlackTeam "Rußland"]

1. Nf3 Nf6 2. c4 e6 3. d4 b6 4. g3 Ba6 5. Nbd2 Bb7 6. Bg2 c5 7. O-O Be7 8. Re1
d5 9. cxd5 exd5 10. b3 O-O 11. Bb2 Nbd7 12. e3 Re8 13. Rc1 a5 14. a4 Bd6 15.
Qc2 Qe7 16. Qb1 Ne4 17. Nxe4 dxe4 18. Nd2 cxd4 19. exd4 Bb4 20. Bxe4 Bxe4 21.
Rxe4 Qg5 22. Nc4 b5 23. axb5 Qxb5 24. Qd3 Nf6 25. Re5 Qb7 26. Rd1 Red8 27. d5
Nd7 28. Rg5 f6 29. Rh5 g6 30. Rh4 Bf8 31. Qc3 Qb5 32. Qf3 Ra6 33. d6 a4 34.
bxa4 Rxa4 35. Bxf6 Rda8 36. Ne3 Rxh4 37. Bxh4 Re8 38. Qd5+ Qxd5 39. Rxd5 Kf7
40. g4 Re4 41. Kg2 Ke6 42. Bg3 Rxe3 43. Rd2 Ra3 44. Re2+ Kf7 45. Rc2 Rd3 46.
Rc7 Ke6 47. Rc8 Bxd6 48. Bxd6 Rxd6 49. Rh8 Nf6 50. g5 Ne4 51. f4 Rd7 52. Kf3
Nd6 53. h4 Ra7 54. h5 gxh5 55. Rf8 Rf7 56. Rg8 Rf5 57. Rh8 Kf7 58. Ke3 0-1

[Event "?"]
[Site "?"]
[Date "????.??.??"]
[Round "?"]
[White "Mishuchkov, N."]
[Black "Prüfer, F."]
[Result "1/2-1/2"]
[WhiteElo "2365"]
[BlackElo "2155"]
[PlyCount "80"]
[EventDate "2013.??.??"]
[WhiteTeam "Rußland"]
[BlackTeam "SF Leipzig"]

1. d4 Nf6 2. Nf3 g6 3. g3 Bg7 4. Bg2 d5 5. O-O O-O 6. Bf4 Nh5 7. Be3 c6 8. Qc1
Bf5 9. c4 Nf6 10. Rd1 Qa5 11. Nbd2 Nbd7 12. h3 Rfd8 13. Ne5 Rac8 14. f4 Nxe5
15. dxe5 Ne4 16. g4 Nxd2 17. Bxd2 Qc5+ 18. e3 Be6 19. cxd5 Qxc1 20. Raxc1 Bxd5
21. Ba5 b6 22. Bxd5 cxd5 23. Bb4 e6 24. Kf2 Bf8 25. Bxf8 Kxf8 26. Ke2 Ke7 27.
Kd3 Kd7 28. h4 Rxc1 29. Rxc1 Rc8 30. Rxc8 Kxc8 31. b4 a6 32. e4 dxe4+ 33. Kxe4
Kd7 34. a4 Kc6 35. Kd4 a5 36. bxa5 Kd7 37. Ke4 h6 38. h5 gxh5 39. gxh5 Ke7 40.
f5 Kd7 1/2-1/2

[Event "?"]
[Site "?"]
[Date "????.??.??"]
[Round "?"]
[White "Weber, B."]
[Black "Zhelnin, V."]
[Result "0-1"]
[WhiteElo "2155"]
[BlackElo "2459"]
[PlyCount "94"]
[EventDate "2013.??.??"]
[WhiteTeam "SF Leipzig"]
[BlackTeam "Rußland"]

1. d4 Nf6 2. c4 g6 3. Nc3 Bg7 4. e4 d6 5. Be2 O-O 6. Bg5 Nbd7 7. Qd2 e5 8. d5
a5 9. Bg4 h6 10. Bxd7 Bxd7 11. Bxh6 Nxe4 12. Nxe4 Qh4 13. Bxg7 Qxe4+ 14. Qe3
Qxe3+ 15. fxe3 Kxg7 16. Nf3 b5 17. Rc1 bxc4 18. Rxc4 Ra7 19. Kd2 Rb8 20. b3 Rb5
21. Rhc1 Rxd5+ 22. Ke1 c6 23. Nd2 Rb5 24. R4c3 d5 25. Rc5 Rxc5 26. Rxc5 Kf6 27.
a3 Ke7 28. h3 Kd6 29. Rc1 Rb7 30. Ke2 Rb8 31. Kd3 Be6 32. Rf1 f5 33. Kc3 c5 34.
Kc2 e4 35. g3 d4 36. Re1 a4 37. bxa4 Bd7 38. a5 Ba4+ 39. Kc1 Kd5 40. g4 Bb5 41.
gxf5 gxf5 42. h4 Bd3 43. h5 c4 44. exd4 c3 45. h6 cxd2+ 46. Kxd2 Kxd4 47. h7 f4
0-1

[Event "?"]
[Site "?"]
[Date "????.??.??"]
[Round "?"]
[White "Uhlmann, W."]
[Black "Faibisovich, V."]
[Result "1/2-1/2"]
[WhiteElo "2340"]
[BlackElo "2348"]
[PlyCount "106"]
[EventDate "2013.??.??"]
[WhiteTeam "Deutschland A"]
[BlackTeam "Sankt Petersburg"]

1. c4 e5 2. Nc3 Nf6 3. Nf3 Nc6 4. g3 d5 5. cxd5 Nxd5 6. Bg2 Nb6 7. d3 Be7 8.
O-O O-O 9. Be3 Be6 10. a3 Qd7 11. Ne4 Bh3 12. Bxh3 Qxh3 13. Bc5 Qe6 14. Bxe7
Qxe7 15. Rc1 Rac8 16. Nc5 Nd8 17. a4 c6 18. a5 Na8 19. e4 Nc7 20. d4 exd4 21.
Nxd4 g6 22. Qg4 Nce6 23. Nf5 Qc7 24. Nh6+ Kg7 25. Qh4 Nxc5 26. Rxc5 Ne6 27. Ng4
f6 28. Qh6+ Kg8 29. Rc3 Qxa5 30. h4 Qh5 31. Qxh5 gxh5 32. Nh6+ Kh8 33. Nf5 Rcd8
34. Ra1 a6 35. Ra5 Nd4 36. Nxd4 Rxd4 37. Rxh5 Rxe4 38. Rd3 Rf7 39. Rf5 Kg7 40.
h5 Rb4 41. b3 Rb5 42. Rxb5 axb5 43. g4 Re7 44. Kg2 Kf7 45. f4 Ke6 46. Kf3 Rd7
47. Re3+ Kf7 48. g5 c5 49. Rc3 b6 50. Ke4 b4 51. Rg3 Rd4+ 52. Kf5 Rd5+ 53. Ke4
Rd4+ 1/2-1/2

[Event "?"]
[Site "?"]
[Date "????.??.??"]
[Round "?"]
[White "Karasev, V."]
[Black "Haakert, J."]
[Result "1/2-1/2"]
[WhiteElo "2358"]
[BlackElo "2385"]
[PlyCount "54"]
[EventDate "2013.??.??"]
[WhiteTeam "Sankt Petersburg"]
[BlackTeam "Deutschland A"]

1. d4 Nf6 2. c4 g6 3. Nc3 Bg7 4. e4 d6 5. f4 O-O 6. Nf3 c5 7. d5 e6 8. dxe6
fxe6 9. Bd3 e5 10. fxe5 dxe5 11. Bg5 Nc6 12. O-O Bg4 13. Nd5 Qd6 14. Qd2 Rf7
15. h3 Bxf3 16. Rxf3 Raf8 17. Raf1 Nd4 18. R3f2 Nd7 19. Rxf7 Rxf7 20. Rxf7 Kxf7
21. Qf2+ Kg8 22. Ne7+ Kh8 23. Qf7 Qe6 24. Qe8+ Nf8 25. Qd8 Qf7 26. Nd5 Nde6 27.
Qe7 Nxg5 1/2-1/2

[Event "?"]
[Site "?"]
[Date "????.??.??"]
[Round "?"]
[White "Golcman, E."]
[Black "Ackermann, H."]
[Result "1-0"]
[WhiteElo "2264"]
[BlackElo "2308"]
[PlyCount "81"]
[EventDate "2013.??.??"]
[WhiteTeam "Sankt Petersburg"]
[BlackTeam "Deutschland A"]

1. c4 Nf6 2. Nc3 d6 3. d4 Nbd7 4. Nf3 e5 5. g3 g6 6. Bg2 Bg7 7. b3 O-O 8. O-O
Re8 9. Qc2 a6 10. Bb2 c6 11. dxe5 Nxe5 12. Rad1 Qc7 13. Qd2 Nxf3+ 14. Bxf3 Rd8
15. Qf4 Ne8 16. Rd2 Bf5 17. Rfd1 Rd7 18. Bg4 Bxg4 19. Qxg4 Rad8 20. Qf3 f5 21.
e4 Rf7 22. exf5 Rxf5 23. Qd3 Qf7 24. Ne4 Bxb2 25. Rxb2 d5 26. f4 h6 27. Re2 Rc8
28. Nf2 Nf6 29. Rde1 Re8 30. Rxe8+ Nxe8 31. Qe3 Ng7 32. Ng4 Kh7 33. c5 Qf8 34.
Qe7 h5 35. Nf2 Kg8 36. Qxb7 Qxc5 37. Re7 Qc3 38. Rc7 h4 39. Qxc6 Qe1+ 40. Kg2
h3+ 41. Kf3 1-0

[Event "?"]
[Site "?"]
[Date "????.??.??"]
[Round "?"]
[White "James, G."]
[Black "Sloth, J."]
[Result "1/2-1/2"]
[WhiteElo "2191"]
[BlackElo "2342"]
[PlyCount "64"]
[EventDate "2013.??.??"]
[WhiteTeam "England 1"]
[BlackTeam "Dänemark 1"]

1. e4 e6 2. Nc3 d5 3. Nf3 Bb4 4. a3 Be7 5. d4 Nf6 6. e5 Ne4 7. Qd3 Nxc3 8. Qxc3
O-O 9. Bd3 Nd7 10. Be3 b6 11. Qd2 c5 12. c3 a5 13. h4 f5 14. Bg5 Ba6 15. Bxa6
Rxa6 16. Qe2 c4 17. Bxe7 Qxe7 18. Ng5 h6 19. Qh5 Qe8 20. Qxe8 Rxe8 21. Nh3 g6
22. Nf4 Kg7 23. Rh3 b5 24. Rg3 Nf8 25. Nxg6 Nxg6 26. h5 Rg8 27. Rxg6+ Kh7 28.
Rxg8 Kxg8 29. Ke2 Kf7 30. g4 fxg4 31. Ke3 Ra8 32. Kf4 Rg8 1/2-1/2

[Event "?"]
[Site "?"]
[Date "????.??.??"]
[Round "?"]
[White "Rosenlund, T."]
[Black "Norman, K."]
[Result "0-1"]
[WhiteElo "2263"]
[BlackElo "2172"]
[PlyCount "72"]
[EventDate "2013.??.??"]
[WhiteTeam "Dänemark 1"]
[BlackTeam "England 1"]

1. d4 Nf6 2. c4 g6 3. Nc3 d5 4. Nf3 Bg7 5. Bg5 dxc4 6. e3 Be6 7. Ne5 Nd5 8.
Nxc4 c5 9. Rc1 cxd4 10. exd4 Nc6 11. Be3 O-O 12. Qd2 Rc8 13. Ne4 Nxe3 14. fxe3
Bd5 15. Bd3 e5 16. Ned6 Bxc4 17. Nxc8 Bxd3 18. d5 Be4 19. dxc6 Qxd2+ 20. Kxd2
Rxc8 21. cxb7 Rd8+ 22. Ke2 Bxb7 23. Rc7 Ba6+ 24. Kf3 e4+ 25. Kxe4 Bxb2 26. Rxa7
Bc4 27. Kf3 Rd2 28. e4 Bd4 29. Ra8+ Kg7 30. a4 Rf2+ 31. Kg3 Rf6 32. Kh3 Be6+
33. g4 h5 34. Kg3 Bxg4 35. Rc1 Bf2+ 36. Kg2 Bf3+ 0-1

[Event "?"]
[Site "?"]
[Date "????.??.??"]
[Round "?"]
[White "Byway, P."]
[Black "Sorensen, B."]
[Result "1/2-1/2"]
[WhiteElo "2140"]
[BlackElo "2256"]
[PlyCount "63"]
[EventDate "2013.??.??"]
[WhiteTeam "England 1"]
[BlackTeam "Dänemark 1"]

1. Nf3 e6 2. g3 d5 3. Bg2 Nf6 4. O-O Be7 5. d4 O-O 6. c4 c6 7. Nc3 dxc4 8. Ne5
Nbd7 9. Nxc4 Nd5 10. e4 Nxc3 11. bxc3 b5 12. Ne3 Bb7 13. Bb2 Nb6 14. Qb3 Qc7
15. Rfd1 Rfd8 16. c4 bxc4 17. Nxc4 Rab8 18. Ne3 Ba6 19. Qc2 Bb5 20. Re1 Na4 21.
Rac1 Qa5 22. Ba1 Bb4 23. Red1 Nb6 24. Bc3 Ba4 25. Bxb4 Qxb4 26. Qd2 Qd6 27. e5
Qe7 28. Re1 c5 29. d5 exd5 30. Nf5 Qf8 31. Qa5 Nd7 32. Nd6 1/2-1/2

[Event "?"]
[Site "?"]
[Date "????.??.??"]
[Round "?"]
[White "Burnett, J."]
[Black "Strutinskaya, G."]
[Result "1/2-1/2"]
[WhiteElo "2117"]
[BlackElo "2300"]
[PlyCount "146"]
[EventDate "2013.??.??"]
[WhiteTeam "England 2"]
[BlackTeam "Rußland Frauen"]

1. d4 d5 2. c4 e6 3. Nc3 c6 4. Nf3 dxc4 5. e3 b5 6. a4 Bb4 7. Bd2 a5 8. axb5
Bxc3 9. Bxc3 cxb5 10. b3 Bb7 11. bxc4 b4 12. Bb2 Nf6 13. Bd3 Nbd7 14. O-O O-O
15. Re1 Ne4 16. Nd2 Nxd2 17. Qxd2 Re8 18. f4 f6 19. e4 e5 20. fxe5 fxe5 21. c5
exd4 22. Bb5 Nxc5 23. Bxe8 Qxe8 24. Qxd4 Qe7 25. Qc4+ Kh8 26. Rf1 Ne6 27. Qb5
h6 28. Rxa5 Rxa5 29. Qxa5 Ng5 30. Qe5 Qxe5 31. Bxe5 Bxe4 32. Rf8+ Kh7 33. Rb8
Nf7 34. Rxb4 Bxg2 35. Bxg7 Bd5 36. Ba1 Ng5 37. Kf2 Kg6 38. h4 Ne6 39. Ke3 Ba2
40. Ra4 Bb3 41. Ra5 Bc2 42. Kf3 h5 43. Bc3 Bd3 44. Re5 Bf5 45. Ke3 Kf6 46. Ra5+
Kg6 47. Ra7 Bc2 48. Ra2 Bb1 49. Rf2 Bf5 50. Rf1 Nc5 51. Kd4 Nd7 52. Kd5 Nb6+
53. Kd6 Nc4+ 54. Ke7 Ne3 55. Rg1+ Bg4 56. Be1 Kf5 57. Bd2 Nc4 58. Rf1+ Ke4 59.
Bg5 Ne5 60. Kf6 Nd7+ 61. Kg6 Ne5+ 62. Kh6 Bf3 63. Bf6 Nd7 64. Kg5 Bg4 65. Bb2
Nc5 66. Rf4+ Kd5 67. Rxg4 hxg4 68. Kxg4 Ke6 69. Kg5 Kf7 70. h5 Ne6+ 71. Kg4 Kg8
72. Kf5 Ng7+ 73. Bxg7 Kxg7 1/2-1/2

[Event "?"]
[Site "?"]
[Date "????.??.??"]
[Round "?"]
[White "Fatalibekova, E."]
[Black "Ashby, A."]
[Result "1-0"]
[WhiteElo "2272"]
[BlackElo "2116"]
[PlyCount "50"]
[EventDate "2013.??.??"]
[WhiteTeam "Rußland Frauen"]
[BlackTeam "England 2"]

1. d4 d6 2. e4 Nf6 3. Nc3 g6 4. f3 Bg7 5. Be3 c6 6. Qd2 b5 7. Bh6 Bxh6 8. Qxh6
Qc7 9. O-O-O Nbd7 10. Qe3 a6 11. g4 Bb7 12. g5 Nh5 13. Bh3 O-O-O 14. Nge2 Kb8
15. f4 Nb6 16. b3 e6 17. Ng3 Ng7 18. Bg2 Rc8 19. Rd2 Rhe8 20. h4 Nd7 21. h5 Rh8
22. h6 Nf8 23. f5 exf5 24. exf5 d5 25. Rf1 Qd6 1-0

[Event "?"]
[Site "?"]
[Date "????.??.??"]
[Round "?"]
[White "Quinn, J."]
[Black "Saunina, L."]
[Result "1/2-1/2"]
[WhiteElo "2103"]
[BlackElo "2208"]
[PlyCount "43"]
[EventDate "2013.??.??"]
[WhiteTeam "England 2"]
[BlackTeam "Rußland Frauen"]

1. d4 Nf6 2. c4 e6 3. Nc3 Bb4 4. Qc2 Nc6 5. Nf3 d6 6. Bg5 e5 7. d5 Bxc3+ 8.
Qxc3 Nb8 9. Nd2 h6 10. Bh4 c6 11. e4 Nxd5 12. Bxd8 Nxc3 13. Bc7 Na4 14. Bxd6
Nd7 15. b3 Nac5 16. Be2 b6 17. O-O h5 18. f4 exf4 19. Rxf4 f6 20. Raf1 Ba6 21.
e5 O-O-O 22. Ne4 1/2-1/2

[Event "?"]
[Site "?"]
[Date "????.??.??"]
[Round "?"]
[White "Titorenko, N."]
[Black "Myall, I."]
[Result "1/2-1/2"]
[WhiteElo "2164"]
[BlackElo "2087"]
[PlyCount "43"]
[EventDate "2013.??.??"]
[WhiteTeam "Rußland Frauen"]
[BlackTeam "England 2"]

1. c4 Nf6 2. Nc3 e6 3. Nf3 d5 4. e3 c6 5. b3 Bd6 6. Bb2 O-O 7. g3 Nbd7 8. d4
dxc4 9. bxc4 e5 10. Be2 Re8 11. O-O exd4 12. exd4 Nf8 13. Re1 Ng6 14. Qd3 Qa5
15. c5 Bb8 16. Nd2 Qd8 17. Bf3 Ne5 18. Qc2 Nxf3+ 19. Nxf3 Bg4 20. Ne5 Bxe5 21.
dxe5 Nd5 22. Nxd5 1/2-1/2

[Event "?"]
[Site "?"]
[Date "????.??.??"]
[Round "?"]
[White "Jorgensen, J."]
[Black "Vogt, L."]
[Result "1/2-1/2"]
[WhiteElo "2242"]
[BlackElo "2402"]
[PlyCount "48"]
[EventDate "2013.??.??"]
[WhiteTeam "Norresundby"]
[BlackTeam "SC Eppingen"]

1. d4 Nf6 2. c4 g6 3. g3 Bg7 4. Bg2 O-O 5. Nf3 d6 6. O-O Nbd7 7. Nc3 e5 8. e4
exd4 9. Nxd4 Re8 10. h3 Nc5 11. Re1 Bd7 12. Rb1 h6 13. Nb3 Nxb3 14. axb3 a5 15.
Be3 Bc6 16. Qc2 Qe7 17. Rbd1 Nd7 18. Nd5 Bxd5 19. exd5 b6 20. Bd2 Qf8 21. b4
axb4 22. Bxb4 Nc5 23. h4 h5 24. Bf3 Bf6 1/2-1/2

[Event "?"]
[Site "?"]
[Date "????.??.??"]
[Round "?"]
[White "Dekan, H."]
[Black "Pedersen, S."]
[Result "1/2-1/2"]
[WhiteElo "2172"]
[BlackElo "2225"]
[PlyCount "114"]
[EventDate "2013.??.??"]
[WhiteTeam "SC Eppingen"]
[BlackTeam "Norresundby"]

1. e4 g6 2. d4 Bg7 3. Nf3 d6 4. Bc4 c6 5. O-O d5 6. Bb3 dxe4 7. Ng5 Nh6 8. Nxe4
O-O 9. Bg5 Nf5 10. c3 h6 11. Bf4 Nd7 12. Na3 g5 13. Bg3 Nb6 14. Qe2 Nd5 15. Nc4
Qe8 16. Rae1 b6 17. Ncd6 Nxd6 18. Nxd6 Qd8 19. Nxc8 Rxc8 20. f4 e6 21. f5 Re8
22. Qf3 exf5 23. Qxf5 Qf6 24. Rxe8+ Rxe8 25. Qd7 Qe6 26. Qxa7 f5 27. Re1 Qf7
28. Qxf7+ Kxf7 29. Rxe8 Kxe8 30. Bxd5 cxd5 31. Bc7 b5 32. Kf1 Kd7 33. Bb8 b4
34. Ke2 bxc3 35. bxc3 Kc6 36. Kd3 Kb5 37. Kc2 Kc4 38. a4 h5 39. Bc7 g4 40. Bf4
Bf6 41. a5 Kb5 42. Kd3 Bd8 43. a6 Bb6 44. Bb8 Kxa6 45. c4 Kb7 46. Be5 Kc6 47.
c5 Bd8 48. Bf4 Bf6 49. Kc3 Bg7 50. Bg5 Kd7 51. Kd3 Kc6 52. Be3 Bf6 53. Ke2 Bd8
54. Bf4 Bf6 55. Ke3 Kd7 56. Kd3 Kc6 57. Kc3 Kb5 1/2-1/2

[Event "?"]
[Site "?"]
[Date "????.??.??"]
[Round "?"]
[White "Holst, P."]
[Black "Staub, G."]
[Result "1-0"]
[WhiteElo "2118"]
[BlackElo "2097"]
[PlyCount "149"]
[EventDate "2013.??.??"]
[WhiteTeam "Norresundby"]
[BlackTeam "SC Eppingen"]

1. d4 Nf6 2. c4 e6 3. Nc3 Bb4 4. e3 O-O 5. Nge2 d5 6. a3 Be7 7. cxd5 Nxd5 8. g3
b6 9. Bg2 Bb7 10. Nxd5 Bxd5 11. e4 Bb7 12. Be3 Nd7 13. b4 c5 14. bxc5 bxc5 15.
Rb1 Qa5+ 16. Bd2 Qa6 17. d5 exd5 18. exd5 Nb6 19. O-O Bxd5 20. Nf4 Bxg2 21.
Kxg2 Rad8 22. Qc1 Nc4 23. Bc3 Rd6 24. Nh5 f6 25. Kg1 Ne5 26. Nf4 Nf3+ 27. Kh1
Qc6 28. Ng2 Re8 29. Qc2 Re6 30. Qb3 c4 31. Qb7 Bxa3 32. Nf4 Qxb7 33. Rxb7 R6e7
34. Rfb1 Bc5 35. Kg2 Nd4 36. Nd5 Rxb7 37. Rxb7 Ne2 38. Bxf6 Bf8 39. Rxa7 Rc8
40. Kf3 Nc1 41. Bxg7 Bxg7 42. Ne7+ Kf8 43. Nxc8 c3 44. Ke4 Nb3 45. Rc7 Na1 46.
Kd3 c2 47. Kd2 Bb2 48. Nd6 c1=Q+ 49. Rxc1 Nb3+ 50. Kc2 Nxc1 51. Nb5 h5 52. f3
Be5 53. Kxc1 Bb8 54. Kd2 Kf7 55. Ke3 Kf6 56. Ke4 Kg5 57. f4+ Kg4 58. f5 Kg5 59.
Nd4 Bd6 60. Kd5 Ba3 61. h3 Bb2 62. Ke4 Ba1 63. Nf3+ Kf6 64. g4 hxg4 65. hxg4
Bb2 66. g5+ Kg7 67. Ne5 Bc1 68. f6+ Kg8 69. Kf5 Ba3 70. g6 Bb4 71. Ke6 Ba3 72.
Nf7 Bf8 73. Nd6 Bh6 74. Ne8 Kf8 75. g7+ 1-0

[Event "?"]
[Site "?"]
[Date "????.??.??"]
[Round "?"]
[White "Vucenovic, D."]
[Black "Harestad, T."]
[Result "0-1"]
[WhiteElo "2271"]
[BlackElo "2199"]
[PlyCount "84"]
[EventDate "2013.??.??"]
[WhiteTeam "Schweiz"]
[BlackTeam "Norwegen 1"]

1. d4 g6 2. Nf3 Bg7 3. g3 Nf6 4. Bg2 O-O 5. O-O d6 6. c4 c6 7. Nc3 Be6 8. Qd3
Qa5 9. e4 Na6 10. a3 Bg4 11. h3 Bxf3 12. Qxf3 Nd7 13. Be3 Nc7 14. Rfd1 Ne6 15.
b4 Qc7 16. Rac1 a5 17. b5 Rac8 18. bxc6 bxc6 19. Qe2 Qd8 20. f4 c5 21. d5 Nd4
22. Qd3 f5 23. Nb5 Nxb5 24. cxb5 Nb6 25. e5 dxe5 26. fxe5 Bxe5 27. Qe2 Bd6 28.
Bh6 Rf7 29. g4 f4 30. h4 Qd7 31. Rf1 c4 32. Qe6 c3 33. g5 Qxe6 34. dxe6 Rf5 35.
h5 Bc5+ 36. Kh1 Be3 37. Rc2 Rc4 38. hxg6 hxg6 39. Bc6 Bc5 40. Kg2 Kh7 41. Kh2
f3 42. Bxf3 Bd4 0-1

[Event "?"]
[Site "?"]
[Date "????.??.??"]
[Round "?"]
[White "Hohler, P."]
[Black "Steedman, J."]
[Result "1/2-1/2"]
[WhiteElo "2180"]
[BlackElo "2123"]
[PlyCount "30"]
[EventDate "2013.??.??"]
[WhiteTeam "Schweiz"]
[BlackTeam "Norwegen 1"]

1. Nf3 c5 2. c4 Nc6 3. Nc3 g6 4. e3 Bg7 5. d4 d6 6. d5 Nb8 7. Be2 Nf6 8. O-O
O-O 9. e4 e5 10. dxe6 fxe6 11. Bg5 h6 12. Bh4 Nc6 13. Qd2 g5 14. Bg3 e5 15. Ne1
Nd4 1/2-1/2

[Event "?"]
[Site "?"]
[Date "????.??.??"]
[Round "?"]
[White "Bachmann, K."]
[Black "Liebert, H."]
[Result "1/2-1/2"]
[WhiteElo "2244"]
[BlackElo "2224"]
[PlyCount "50"]
[EventDate "2013.??.??"]
[WhiteTeam "SF Katernberg"]
[BlackTeam "Sachsen-Anhalt"]

1. d4 Nf6 2. c4 e6 3. Nc3 Bb4 4. Qc2 c5 5. dxc5 Na6 6. a3 Bxc5 7. Nf3 O-O 8.
Bg5 Be7 9. e3 d6 10. Be2 h6 11. Bh4 Nc7 12. O-O b6 13. Rfd1 Bb7 14. Rac1 Qb8
15. Nd4 Rd8 16. Bg3 Bf8 17. Rd2 e5 18. Nf3 Ne6 19. b4 a6 20. Rcd1 Qa7 21. Bh4
g5 22. Bg3 Be7 23. Nd5 Nxd5 24. cxd5 Ng7 25. e4 Rdc8 1/2-1/2

[Event "?"]
[Site "?"]
[Date "????.??.??"]
[Round "?"]
[White "Mueller-Clostermann, B."]
[Black "Hamm, G."]
[Result "1-0"]
[WhiteElo "2165"]
[BlackElo "2109"]
[PlyCount "65"]
[EventDate "2013.??.??"]
[WhiteTeam "SF Katernberg"]
[BlackTeam "Sachsen-Anhalt"]

1. d4 Nf6 2. Nf3 g6 3. g3 Bg7 4. Bg2 O-O 5. O-O d6 6. c4 Nbd7 7. Nc3 c6 8. e4
Qc7 9. h3 e5 10. Be3 Re8 11. Qc2 exd4 12. Nxd4 Nc5 13. Rad1 Ne6 14. Nde2 Qe7
15. Qd2 Rd8 16. f4 Bf8 17. f5 gxf5 18. exf5 Ng7 19. g4 Nfe8 20. Ng3 f6 21. Bd4
Nc7 22. Nce4 Nge8 23. Nh5 Bg7 24. Qc3 Qf7 25. Nexf6+ Bxf6 26. Bxf6 Nxf6 27.
Nxf6+ Kf8 28. Rfe1 Ne8 29. Nxe8 Bxf5 30. Qh8+ Qg8 31. Qf6+ Qf7 32. Qxf7+ Kxf7
33. Nxd6+ 1-0

[Event "?"]
[Site "?"]
[Date "????.??.??"]
[Round "?"]
[White "Breitfeld, J."]
[Black "Krueger, E."]
[Result "1/2-1/2"]
[WhiteElo "2011"]
[BlackElo "2193"]
[PlyCount "58"]
[EventDate "2013.??.??"]
[WhiteTeam "Sachsen-Anhalt"]
[BlackTeam "SF Katernberg"]

1. b4 Nf6 2. Bb2 e6 3. b5 d5 4. e3 c5 5. c4 Nbd7 6. Nf3 Bd6 7. d3 b6 8. Nbd2
Bb7 9. Be2 O-O 10. O-O Qc7 11. h3 Rfd8 12. Qb3 e5 13. cxd5 Bxd5 14. Nc4 e4 15.
dxe4 Nxe4 16. Rfd1 Ndf6 17. Qc2 Qe7 18. Kf1 Bc7 19. a4 h6 20. Nce5 Bxe5 21.
Bxe5 Qe6 22. Qb2 Rac8 23. Bxf6 Nxf6 24. a5 c4 25. Nd4 Qe5 26. axb6 axb6 27. Bf3
Bxf3 28. Nxf3 c3 29. Qc2 Qh2 1/2-1/2

[Event "?"]
[Site "?"]
[Date "????.??.??"]
[Round "?"]
[White "Danner, G."]
[Black "Meier, W."]
[Result "1-0"]
[WhiteElo "2315"]
[BlackElo "2188"]
[PlyCount "139"]
[EventDate "2013.??.??"]
[WhiteTeam "Österreich"]
[BlackTeam "SV Lok Dresden"]

1. d4 d5 2. Nf3 Nf6 3. c4 c6 4. e3 Bf5 5. Nc3 e6 6. Nh4 Bg6 7. g3 Nbd7 8. cxd5
exd5 9. Nxg6 hxg6 10. Bg2 Bd6 11. O-O O-O 12. f3 Ne8 13. e4 Nb6 14. e5 Be7 15.
f4 f5 16. a4 a5 17. b3 Nc7 18. Be3 Ne6 19. Rc1 Bb4 20. Ne2 Nc8 21. Qd3 Ne7 22.
Rfd1 Kf7 23. Bf3 Rh8 24. Kg2 Rh6 25. Rc2 Qb6 26. Rh1 Qa6 27. Qd1 Rah8 28. h4
Qb6 29. Qd3 Nc7 30. Ng1 Qa6 31. Qd1 Ne6 32. Be2 Qb6 33. Nf3 Qd8 34. Qd3 Rf8 35.
Rf1 Ke8 36. Bd2 Qb6 37. Be3 Qd8 38. Rfc1 Ba3 39. Rb1 Bb4 40. Kf2 Kd7 41. Bd2
Qb6 42. Bxb4 Qxb4 43. Qc3 Qxc3 44. Rxc3 Ra8 45. Ke3 Rhh8 46. Bd3 Rhf8 47. Rc2
Ng8 48. Rcb2 Kc7 49. Ng5 Nxg5 50. fxg5 Ne7 51. Rh2 Rh8 52. Rbh1 Kd7 53. h5 Rxh5
54. Rxh5 gxh5 55. Rxh5 Ke6 56. Rh7 Rg8 57. Kf3 c5 58. Bb5 Kf7 59. Rh1 Rc8 60.
Bd7 Rd8 61. e6+ Kg6 62. Kf4 cxd4 63. Rd1 Rh8 64. Rxd4 Rh2 65. Be8+ Kh7 66. Ke5
Kg8 67. Kd6 Kf8 68. Bb5 Rg2 69. Rh4 Ng6 70. Rh8+ 1-0

[Event "?"]
[Site "?"]
[Date "????.??.??"]
[Round "?"]
[White "Tichatschke, W."]
[Black "Woeber, F."]
[Result "1/2-1/2"]
[WhiteElo "2012"]
[BlackElo "2192"]
[PlyCount "96"]
[EventDate "2013.??.??"]
[WhiteTeam "SV Lok Dresden"]
[BlackTeam "Österreich"]

1. e4 c5 2. Nf3 Nc6 3. d4 cxd4 4. Nxd4 g6 5. Nc3 Bg7 6. Be3 Nf6 7. Bc4 Qa5 8.
O-O O-O 9. Bb3 d6 10. f3 Bd7 11. Qd2 Rfc8 12. Rad1 Qd8 13. Kh1 Ne5 14. Qf2 Nc4
15. Bc1 a6 16. f4 Qc7 17. f5 Rf8 18. Rd3 b5 19. Qh4 b4 20. Nd5 Nxd5 21. Bxc4
Qxc4 22. exd5 Bxd4 23. f6 exf6 24. Rfd1 Qxc2 25. Qxd4 Rfe8 26. Bh6 Re5 27. Bf4
Bb5 28. R3d2 Qf5 29. Bxe5 fxe5 30. Qxb4 e4 31. Qd4 Re8 32. Rf2 Qh5 33. Re1 e3
34. Rf3 e2 35. a4 Bd7 36. Re3 Rxe3 37. Qxe3 Qxd5 38. Qxe2 Bxa4 39. Qxa6 Bc6 40.
Qe2 h5 41. Rd1 Qc5 42. Qd2 d5 43. Rc1 Qb6 44. Qc3 Bb7 45. Qe5 d4 46. Rf1 Qc6
47. Qb8+ Kg7 48. Qe5+ Kg8 1/2-1/2

[Event "?"]
[Site "?"]
[Date "????.??.??"]
[Round "?"]
[White "Winiwarter, F."]
[Black "Goldberg, V."]
[Result "0-1"]
[WhiteElo "2167"]
[BlackElo "2150"]
[PlyCount "117"]
[EventDate "2013.??.??"]
[WhiteTeam "Österreich"]
[BlackTeam "SV Lok Dresden"]

1. e4 e5 2. Nf3 Nc6 3. Bb5 a6 4. Ba4 Nf6 5. O-O b5 6. Bb3 Bc5 7. c3 Bb6 8. d4
Qe7 9. d5 Na5 10. Bc2 d6 11. Nbd2 O-O 12. b4 Nb7 13. a4 Bd7 14. Re1 a5 15. axb5
Bxb5 16. h3 axb4 17. Rxa8 Rxa8 18. cxb4 Qd7 19. Nf1 Ra1 20. Qd2 Qc8 21. Ne3 Bd7
22. Qc3 Ra8 23. Nc4 Ba7 24. Be3 Bxe3 25. Nxe3 g6 26. Nc4 Ne8 27. Bb3 f6 28. Rc1
Nd8 29. Na5 Kg7 30. Qd2 Qa6 31. Ne1 Bb5 32. h4 Qb6 33. h5 Bd7 34. Nc4 Qb7 35.
Kh2 Nf7 36. hxg6 hxg6 37. Nd3 f5 38. f3 fxe4 39. fxe4 Nf6 40. Nf2 Rh8+ 41. Kg1
Qa7 42. Qe3 Qb8 43. Nd2 Ne8 44. Nd3 Qd8 45. Qg3 Bb5 46. Bc4 Bxc4 47. Nxc4 Qa8
48. Qe3 Nf6 49. Nf2 Rb8 50. Nd2 Rxb4 51. Rxc7 Qa1+ 52. Kh2 Rb8 53. Nc4 Ne8 54.
Re7 Qd4 55. Qxd4 exd4 56. e5 dxe5 57. Nxe5 Ned6 58. Nfd3 Rh8+ 59. Kg3 0-1

[Event "?"]
[Site "?"]
[Date "????.??.??"]
[Round "?"]
[White "Eskandary, J."]
[Black "Danner, L."]
[Result "0-1"]
[WhiteElo "2108"]
[BlackElo "2124"]
[PlyCount "122"]
[EventDate "2013.??.??"]
[WhiteTeam "SV Lok Dresden"]
[BlackTeam "Österreich"]

1. e4 Nf6 2. Nc3 e5 3. Bc4 Nxe4 4. Qh5 Nd6 5. Bb3 Be7 6. Nf3 Nc6 7. Nxe5 g6 8.
Nxc6 bxc6 9. Qf3 O-O 10. d3 Nf5 11. Ne2 d5 12. Bf4 Bf6 13. c3 Re8 14. g3 a5 15.
Ba4 Bd7 16. h4 Rb8 17. O-O-O Rb7 18. Kc2 c5 19. Bxd7 Qxd7 20. Bg5 Qa4+ 21. Kb1
Rxe2 22. Qxe2 Bxc3 23. Rd2 Bxd2 24. Qxd2 Nd4 25. Bh6 Qb4 26. Re1 Ne6 27. Qe2
Qd4 28. Be3 Qf6 29. Rc1 Qe5 30. Qd2 Rb5 31. Bh6 a4 32. f4 Qd4 33. f5 gxf5 34.
Be3 Qf6 35. Qf2 d4 36. Bd2 Qg6 37. Qf3 Rb8 38. Rg1 Qg4 39. Qf2 c4 40. dxc4 Qe4+
41. Ka1 Nc5 42. Qf4 Qxf4 43. Bxf4 Rb7 44. Be5 Ne6 45. Rd1 c5 46. Rd3 Rb4 47. b3
h5 48. a3 Rxb3 49. Rxb3 axb3 50. Kb2 Kf8 51. Kxb3 Ke7 52. Kc2 f6 53. Bb8 Nf8
54. a4 Nd7 55. Bc7 Ne5 56. a5 Kd7 57. Bb6 Kc6 58. Kb3 d3 59. Bd8 Nxc4 60. a6
Nd6 61. Ba5 Ne4 0-1

[Event "?"]
[Site "?"]
[Date "????.??.??"]
[Round "?"]
[White "Westerinen, H."]
[Black "Pape, M."]
[Result "1-0"]
[WhiteElo "2283"]
[BlackElo "2216"]
[PlyCount "93"]
[EventDate "2013.??.??"]
[WhiteTeam "Finnland"]
[BlackTeam "Widukind 1"]

1. e4 g6 2. d4 Bg7 3. Nc3 c6 4. Nf3 d6 5. a4 Nf6 6. Be2 O-O 7. O-O Na6 8. h3
Nc7 9. Re1 Nd7 10. Bc4 c5 11. Be3 cxd4 12. Bxd4 Ne5 13. Nxe5 dxe5 14. Bc5 Qxd1
15. Rexd1 Bf6 16. Nb5 Nxb5 17. axb5 Bxh3 18. gxh3 Rac8 19. Rxa7 Rxc5 20. b3 Rb8
21. Rd7 b6 22. Kf1 Rcc8 23. Ke2 Rd8 24. Rab7 Rxb7 25. Rxb7 Rd6 26. Bd3 Bh4 27.
c4 Bxf2 28. Kxf2 Rxd3 29. Rxb6 Rc3 30. Rb7 Kg7 31. Rxe7 Kf6 32. Rc7 Rxb3 33. h4
Ke6 34. Rc6+ Kd7 35. Rf6 Ke7 36. Rb6 Rc3 37. Rc6 Kd7 38. Rc5 Kd6 39. Rd5+ Ke6
40. c5 f5 41. b6 Rb3 42. Rd8 Ke7 43. Rh8 Kd7 44. Rxh7+ Kc8 45. h5 gxh5 46. exf5
e4 47. b7+ 1-0